000 00781nam a2200289Ia 4500
005 20260324130014.0
008 008 260324s9999 xx 000 0 eng d
020 _a9781849773270
037 _aEBOOK
040 _aCRL
040 _beng
040 _cCRL
041 _2eng
041 _aeng
084 _qCRL
100 _aDarcy Hitchcock; Marsha Willard; Alan AtKisson
_91180165
245 4 _aThe Step-by-Step Guide to Sustainability Planning
245 0 _bHow to Create and Implement Sustainability Plans in Any Business or Organization
260 _bTaylor and Francis
260 _c2008
365 _a
365 _b230
856 _uhttp://www.taylorfrancis.com/books/9781849773270
942 _cEBOOK
999 _c1775905
_d1775905